[Event "Voronezh op-B 20th"]
[Site "Voronezh"]
[Date "2016.06.20"]
[Round "8"]
[White "Rudakov, Sergey S"]
[Black "Gritsuk, Viktor"]
[Result "0-1"]
[WhiteElo "1410"]
[BlackElo "1683"]
[PlyCount "104"]
[EventDate "2016.06.12"]
[EventType "swiss"]
[EventRounds "9"]
[EventCountry "RUS"]
[SourceTitle "EXT 2017"]
[Source "ChessBase"]
[SourceDate "2016.10.25"]
[SourceVersion "1"]
[SourceVersionDate "2016.10.25"]
[SourceQuality "1"]

1. e4 Nf6 2. Nc3 d5 3. exd5 Nxd5 4. Nf3 Bg4 5. h3 Bh5 6. d4 e6 7. Be2 c5 8. Nxd5 Qxd5 9. c4 Qe4 10. Be3 cxd4 11. Bxd4 Bb4+ 12. Kf1 0-0 13. g4 Bg6 14. Qb3 Nc6 15. Bc3 a5 16. Bxb4 axb4 17. Qe3 Rfd8 18. Kg2 Nd4 19. Qxe4 Bxe4 20. Bd1 b3 21. a3 Nc2 22. Bxc2 bxc2 23. Rhe1 Rd4 24. c5 Rad8 25. Rxe4 Rxe4 26. Rc1 Re2 27. Ng1 Red2 28. Nf3 R2d5 29. Rxc2 Rc8 30. b4 b6 31. c6 b5 32. c7 f6 33. Nd2 Rd7 34. Ne4 Rdxc7 35. Rxc7 Rxc7 36. Nd6 Kf8 37. Nxb5 Rb7 38. Nc3 Ke7 39. Kf3 Kd6 40. Ke3 Kc6 41. Kd4 e5+ 42. Kc4 Rd7 43. b5+ Kb7 44. Nd5 Rd8 45. a4 Rc8+ 46. Kb4 Rc2 47. a5 Rxf2 48. a6+ Ka7 49. Ka5 Ra2+ 50. Kb4 e4 51. Nc3 e3 52. Kc5 Rc2 0-1

[Event "Voronezh op-B 20th"]
[Site "Voronezh"]
[Date "2016.06.19"]
[Round "7"]
[White "Rudenko, Vasily"]
[Black "Gritsuk, Viktor"]
[Result "1-0"]
[WhiteElo "1829"]
[BlackElo "1683"]
[PlyCount "29"]
[EventDate "2016.06.12"]
[EventType "swiss"]
[EventRounds "9"]
[EventCountry "RUS"]
[SourceTitle "EXT 2017"]
[Source "ChessBase"]
[SourceDate "2016.10.25"]
[SourceVersion "1"]
[SourceVersionDate "2016.10.25"]
[SourceQuality "1"]

1. d4 Nf6 2. c4 g6 3. Nc3 d5 4. Nf3 Bg7 5. Bg5 Ne4 6. Bf4 Nxc3 7. bxc3 c5 8. Qb3 dxc4 9. Qb5+ Nd7 10. Qxc4 cxd4 11. Bc7 Nb6 12. Qc5 Na4 13. Qc4 Qd7 14. Ne5 b5 15. Qxf7# 1-0

[Event "Voronezh op-B 19th"]
[Site "Voronezh"]
[Date "2015.06.21"]
[Round "9"]
[White "Ajrapetian, Nikita"]
[Black "Gritsuk, Viktor"]
[Result "1-0"]
[WhiteElo "1963"]
[BlackElo "1680"]
[PlyCount "77"]
[EventDate "2015.06.12"]
[EventType "swiss"]
[EventRounds "9"]
[EventCountry "RUS"]
[SourceTitle "CBM 167 Extra"]
[Source "ChessBase"]
[SourceDate "2015.09.14"]
[SourceVersion "1"]
[SourceVersionDate "2015.09.14"]
[SourceQuality "1"]

1. c4 Nf6 2. Nc3 g6 3. g3 d5 4. cxd5 Nxd5 5. Bg2 c6 6. Nf3 Bg7 7. 0-0 0-0 8. e3 Qc7 9. d4 Nd7 10. Bd2 e5 11. Rc1 Nxc3 12. Bxc3 exd4 13. Nxd4 Nb6 14. Nb5 Qd8 15. Bxg7 Kxg7 16. Nd6 Qe7 17. Qd4+ Kg8 18. Ne4 f5 19. Qc5 Qe6 20. Nc3 Nd7 21. Qb4 a5 22. Qd4 Nf6 23. Rfd1 Bd7 24. Qb6 Qe5 25. Rd4 Rfd8 26. Rcd1 Rab8 27. h3 Kf8 28. Na4 Ke8 29. Nc5 Qe7 30. e4 fxe4 31. Bxe4 Bxh3 32. Nxb7 Rxd4 33. Bxc6+ Kf7 34. Rxd4 Qe1+ 35. Kh2 Rc8 36. Nd6+ Kg7 37. Kxh3 Qe6+ 38. Kg2 Ne4 39. Qb7+ 1-0

[Event "Voronezh op-B 19th"]
[Site "Voronezh"]
[Date "2015.06.19"]
[Round "7"]
[White "Gritsuk, Viktor"]
[Black "Shcherbakov, Nikolay"]
[Result "0-1"]
[WhiteElo "1680"]
[BlackElo "1908"]
[PlyCount "50"]
[EventDate "2015.06.12"]
[EventType "swiss"]
[EventRounds "9"]
[EventCountry "RUS"]
[SourceTitle "CBM 167 Extra"]
[Source "ChessBase"]
[SourceDate "2015.09.14"]
[SourceVersion "1"]
[SourceVersionDate "2015.09.14"]
[SourceQuality "1"]

1. e4 c6 2. d4 g6 3. Nf3 Bg7 4. c4 d5 5. exd5 cxd5 6. cxd5 Nf6 7. Bc4 Nxd5 8. Nc3 Nxc3 9. bxc3 0-0 10. 0-0 Qc7 11. Qb3 e6 12. Re1 Nc6 13. Bd3 Bd7 14. Rb1 b6 15. Bb2 Na5 16. Qc2 Nc4 17. Bxc4 Qxc4 18. Qb3 Rfc8 19. Ne5 Qa4 20. Rbd1 Be8 21. Re3 Rd8 22. Rde1 Rac8 23. h4 Qa5 24. g4 Ba4 25. Qa3 Bf8 0-1

[Event "Voronezh op-B 19th"]
[Site "Voronezh"]
[Date "2015.06.18"]
[Round "6"]
[White "Krekoten, Vladimir"]
[Black "Gritsuk, Viktor"]
[Result "0-1"]
[WhiteElo "1885"]
[BlackElo "1680"]
[PlyCount "64"]
[EventDate "2015.06.12"]
[EventType "swiss"]
[EventRounds "9"]
[EventCountry "RUS"]
[SourceTitle "CBM 167 Extra"]
[Source "ChessBase"]
[SourceDate "2015.09.14"]
[SourceVersion "1"]
[SourceVersionDate "2015.09.14"]
[SourceQuality "1"]

1. e4 Nf6 2. e5 Nd5 3. d4 d6 4. Nf3 Nc6 5. c4 Nb6 6. e6 fxe6 7. Ng5 g6 8. Bd3 Bg7 9. Nxh7 Nxd4 10. Bxg6+ Kd7 11. Qd3 Qg8 12. Nc3 Kd8 13. Be3 Nf5 14. Ng5 Bxc3+ 15. Qxc3 Rh4 16. Bxf5 Rxc4 17. Qh8 Qxh8 18. Nf7+ Ke8 19. Nxh8 exf5 20. g3 Rg4 21. h4 Rg8 22. Ng6 Rxg6 23. h5 Rg7 24. h6 Rh7 25. Rh5 Kf7 26. Ke2 f4 27. Bxf4 Bg4+ 28. f3 Bxh5 29. g4 e5 30. Bc1 Bg6 31. g5 Ke6 32. b3 Rf8 0-1

[Event "Voronezh op-B 19th"]
[Site "Voronezh"]
[Date "2015.06.14"]
[Round "3"]
[White "Matveeva, Nadezhda"]
[Black "Gritsuk, Viktor"]
[Result "0-1"]
[WhiteElo "1169"]
[BlackElo "1680"]
[PlyCount "74"]
[EventDate "2015.06.12"]
[EventType "swiss"]
[EventRounds "9"]
[EventCountry "RUS"]
[SourceTitle "CBM 167 Extra"]
[Source "ChessBase"]
[SourceDate "2015.09.14"]
[SourceVersion "1"]
[SourceVersionDate "2015.09.14"]
[SourceQuality "1"]

1. e4 Nf6 2. Nc3 d5 3. exd5 Nxd5 4. Nxd5 Qxd5 5. d4 Nc6 6. c3 Bf5 7. Be3 0-0-0 8. Nf3 f6 9. Qb3 e5 10. Qxd5 Rxd5 11. dxe5 Nxe5 12. Nd4 Nd3+ 13. Bxd3 Bxd3 14. Rd1 Ba6 15. Ne6 Rxd1+ 16. Kxd1 Bc4 17. Nxf8 Rxf8 18. Kc2 Bd5 19. Rg1 Re8 20. g4 Kd7 21. g5 fxg5 22. Rxg5 Be4+ 23. Kb3 g6 24. h4 b6 25. h5 h6 26. Rg3 g5 27. f4 Bd5+ 28. Kc2 g4 29. a3 Bf3 30. Kd3 Kc6 31. Rg1 Rd8+ 32. Kc2 Rd5 33. Re1 Rxh5 34. Bd2 g3 35. Re6+ Kd7 36. Rg6 Be4+ 37. Kb3 Bxg6 0-1

[Event "Voronezh CC-ch"]
[Site "Voronezh"]
[Date "2014.10.23"]
[Round "6"]
[White "Kortunov, A."]
[Black "Gritsuk, Viktor"]
[Result "1-0"]
[WhiteElo "1773"]
[BlackElo "1774"]
[PlyCount "89"]
[EventDate "2014.10.17"]
[EventType "swiss"]
[EventRounds "9"]
[EventCountry "RUS"]
[SourceTitle "CBM 163 Extra"]
[Source "ChessBase"]
[SourceDate "2014.12.23"]
[SourceVersion "1"]
[SourceVersionDate "2014.12.23"]
[SourceQuality "1"]

1. e4 Nf6 2. Nc3 d5 3. e5 Nfd7 4. d4 e6 5. f4 c5 6. Nf3 Nc6 7. Bd3 Nxd4 8. Nxd4 cxd4 9. Ne2 Qb6 10. 0-0 f5 11. b3 Bc5 12. Bb2 0-0 13. Kh1 Rf7 14. Ng1 g6 15. Nf3 Nb8 16. Ng5 Rg7 17. Qe1 Nc6 18. a3 a5 19. Rd1 Bd7 20. Qf2 Ra7 21. h4 h5 22. Qd2 Ra8 23. Nf3 Qd8 24. g3 Rb8 25. Bb5 Qb6 26. Bxc6 Bxc6 27. Bxd4 Rc8 28. Rc1 Rgc7 29. a4 Bd7 30. Kg2 Qa6 31. Bxc5 Rxc5 32. c3 b5 33. axb5 Bxb5 34. Rfe1 Bd3 35. Nd4 Kf7 36. Kh3 Be4 37. Rg1 a4 38. bxa4 Qxa4 39. Ra1 Qc4 40. Rgc1 Ke7 41. Qb2 Kd7 42. Qb6 Re8 43. Qd6+ Kc8 44. Ra8+ Kb7 45. Rxe8 1-0

[Event "Voronezh op-B 18th"]
[Site "Voronezh"]
[Date "2014.06.16"]
[Round "5"]
[White "Golyshkina, Marina"]
[Black "Gritsuk, Viktor"]
[Result "0-1"]
[WhiteElo "1706"]
[BlackElo "1778"]
[PlyCount "68"]
[EventDate "2014.06.12"]
[EventType "swiss"]
[EventRounds "9"]
[EventCountry "RUS"]
[SourceTitle "EXT 2015"]
[Source "ChessBase"]
[SourceDate "2014.11.20"]
[SourceVersion "1"]
[SourceVersionDate "2014.11.20"]
[SourceQuality "1"]

1. d4 Nf6 2. c4 g6 3. Nc3 d5 4. Nf3 Bg7 5. e3 0-0 6. Bd3 c5 7. 0-0 cxd4 8. Nxd4 e5 9. Nc2 Be6 10. cxd5 Nxd5 11. Bd2 Nc6 12. Nxd5 Qxd5 13. Be2 Rfd8 14. Bc3 Qc5 15. Qc1 a5 16. Na3 Nb4 17. Qb1 f5 18. Rc1 Qe7 19. Nc4 e4 20. Nb6 Ra7 21. a3 Nd3 22. Rd1 Qd6 23. Na4 Bb3 24. Bxg7 Kxg7 25. Nc3 Bxd1 26. Bxd1 Qb6 27. Na4 Qc6 28. Nc3 b5 29. Qa2 Rad7 30. Qb3 Nc5 31. Qc2 Rd2 32. Qb1 b4 33. axb4 axb4 34. Ra7+ Kh6 0-1

[Event "Voronezh op-B 18th"]
[Site "Voronezh"]
[Date "2014.06.14"]
[Round "3"]
[White "Pavlov, Alexandr"]
[Black "Gritsuk, Viktor"]
[Result "0-1"]
[WhiteElo "1485"]
[BlackElo "1778"]
[PlyCount "103"]
[EventDate "2014.06.12"]
[EventType "swiss"]
[EventRounds "9"]
[EventCountry "RUS"]
[SourceTitle "EXT 2015"]
[Source "ChessBase"]
[SourceDate "2014.11.20"]
[SourceVersion "1"]
[SourceVersionDate "2014.11.20"]
[SourceQuality "1"]

1. d4 Nf6 2. c4 g6 3. Nc3 d5 4. Nf3 c5 5. dxc5 Qa5 6. Qa4+ Qxa4 7. Nxa4 Bd7 8. Nc3 dxc4 9. Ne5 e6 10. Be3 Na6 11. Nxd7 Nxd7 12. Bd4 e5 13. Be3 Naxc5 14. g3 Rc8 15. Bg2 a6 16. 0-0 b5 17. Ne4 a5 18. Rad1 Nxe4 19. Bxe4 Bg7 20. Rd6 Ke7 21. Ra6 a4 22. Bc6 Rc7 23. Bxb5 Rb8 24. Bxa4 Rxb2 25. Bxd7 Rxd7 26. Bc5+ Ke8 27. e4 c3 28. Ra8+ Rd8 29. Rxd8+ Kxd8 30. a3 Bh6 31. f4 c2 32. Be3 Kd7 33. a4 Kc6 34. Rc1 exf4 35. gxf4 Rb1 36. Kf2 Rxc1 37. Bxc1 Kc5 38. Bd2 Kc4 39. Ke3 Bf8 40. Bc1 Bc5+ 41. Kd2 Kb3 42. a5 Bb4+ 43. Kd3 Bxa5 44. f5 Bc3 45. h3 Bb2 46. Kd2 Bxc1+ 47. Kxc1 Kc3 48. fxg6 hxg6 49. h4 Kd4 50. Kxc2 Kxe4 51. Kd2 Kf3 52. Ke1 0-1